[Event "XXIX Andorra Open"]
[Site "Arinsal AND"]
[Date "2011.07.18"]
[Round "3.16"]
[White "Bykov, Alexey1"]
[Black "Del Rio De Angelis, Salvador G."]
[Result "1-0"]
[WhiteTitle "FM"]
[BlackTitle "GM"]
[WhiteElo "2278"]
[BlackElo "2509"]
[WhiteFideId "4165365"]
[BlackFideId "2203138"]
[EventDate "2011.07.16"]
[EventType "swiss"]

1. e4 e6 2. d4 d5 3. Nc3 Bb4 4. a3 Bxc3+ 5. bxc3 dxe4 6. Qg4 Nf6 7. Qxg7 Rg8 8.
Qh6 Rg6 9. Qd2 c5 10. Ne2 Nc6 11. Bb2 Qb6 12. O-O-O Bd7 13. Nf4 Rg8 14. d5 Nd8
15. c4 exd5 16. cxd5 Qd6 17. f3 exf3 18. gxf3 Kf8 19. Ne6+ fxe6 20. Qh6+ Ke8 21.
Qxf6 Rf8 22. dxe6 Rxf6 23. Rxd6 Rxe6 24. Rd1 Bc6 25. Rg1 Kf8 26. Bd3 Nf7 27.
Bxh7 Ke7 28. Rg7 Bxf3 29. Rf1 Bh5 30. Bf5 Rh6 31. h3 Rd8 32. Bg4 Rf8 33. Re1+
Kd6 34. Rd1+ Kc6 35. Rf1 b6 36. Bc3 Kb5 37. Kb2 a5 38. Rf4 1-0

[Event "XXIX Andorra Open"]
[Site "Arinsal AND"]
[Date "2011.07.18"]
[Round "3.17"]
[White "Hendrix, Judith"]
[Black "Norwood, David R"]
[Result "0-1"]
[BlackTitle "GM"]
[WhiteElo "1757"]
[BlackElo "2491"]
[WhiteFideId "1033654"]
[BlackFideId "400106"]
[EventDate "2011.07.16"]
[EventType "swiss"]

1. e4 g6 2. d4 Bg7 3. Nf3 d6 4. Be3 Nd7 5. Nc3 a6 6. Bd3 c5 7. a4 Ngf6 8. O-O
Ng4 9. h3 Nxe3 10. fxe3 O-O 11. a5 Nb8 12. Nd5 Nc6 13. Qe1 cxd4 14. exd4 Nxd4
15. Qb4 Nc6 16. Qa3 Be6 17. Nb6 Rb8 18. Rab1 Ne5 19. Ng5 Bd7 20. Qb3 e6 21. Nf3
Nxf3+ 22. Rxf3 Bd4+ 23. Kh1 Bxb6 24. axb6 Rc8 25. Rbf1 Rc6 26. c4 Qxb6 27. Qc3
e5 28. Rf6 Qd4 29. Qa3 Be6 30. R1f3 Bxc4 31. Bxc4 Qxc4 32. Rxd6 Rxd6 33. Qxd6
Qxe4 34. b3 Qd4 35. Qf6 Qd5 36. h4 e4 37. Rh3 Rd8 38. h5 Qd1+ 39. Kh2 Qd6+ 0-1

[Event "XXIX Andorra Open"]
[Site "Arinsal AND"]
[Date "2011.07.18"]
[Round "3.19"]
[White "Albets Armengol, Roland"]
[Black "Van Steenwinckel, Hugo"]
[Result "1-0"]
[WhiteElo "2169"]
[BlackElo "1818"]
[WhiteFideId "2278049"]
[BlackFideId "222534"]
[EventDate "2011.07.16"]
[EventType "swiss"]

1. d4 d5 2. c4 e5 3. dxe5 d4 4. Nf3 Nc6 5. a3 Be6 6. e3 dxe3 7. Qxd8+ Rxd8 8.
Bxe3 a5 9. Nc3 Nge7 10. Nb5 Rd7 11. Nbd4 Nd8 12. Be2 c5 13. Nb5 Nf5 14. Bf4 Nc6
15. O-O Be7 16. Rfd1 Nfd4 17. Nfxd4 Nxd4 18. Nxd4 cxd4 19. c5 O-O 20. b4 axb4
21. axb4 Rfd8 22. Bb5 Rd5 23. Ra7 d3 24. Rxb7 Bf8 25. h3 Rd4 26. Bg5 Bd5 27. Rb6
Rc8 28. Rxd3 Rxd3 29. Bxd3 Be6 30. Ba6 1-0

[Event "XXIX Andorra Open"]
[Site "Arinsal AND"]
[Date "2011.07.18"]
[Round "3.20"]
[White "Ben Porat, Or"]
[Black "Riff, Jean-Noel"]
[Result "0-1"]
[BlackTitle "IM"]
[WhiteElo "2160"]
[BlackElo "2493"]
[WhiteFideId "2809516"]
[BlackFideId "611190"]
[EventDate "2011.07.16"]
[EventType "swiss"]

1. e4 c5 2. Nf3 d6 3. d4 cxd4 4. Nxd4 Nf6 5. Nc3 e6 6. f4 Be7 7. Be2 Nc6 8. Be3
O-O 9. O-O e5 10. Nxc6 bxc6 11. fxe5 dxe5 12. Qe1 Kh8 13. Bc4 Qa5 14. a3 Rb8 15.
b4 Qc7 16. Bg5 a5 17. Qh4 Qb6+ 18. Kh1 Qd4 19. Rxf6 Qxc3 20. Rd1 Qxc2 21. Re1
Qxc4 22. Rh6 Bf5 23. Bxe7 Rfe8 24. exf5 Qxh4 25. Rxh4 Rxe7 26. bxa5 Ra7 27. Rb4
Rd8 28. Ra4 Ra6 29. h3 Rd5 30. Rb1 h6 31. Rb8+ Kh7 32. Rb7 Rd4 33. Rxd4 exd4 34.
Rxf7 c5 35. Rc7 Rxa5 36. f6 Kg8 37. fxg7 d3 38. Rd7 c4 39. Kg1 Rc5 0-1

[Event "XXIX Andorra Open"]
[Site "Arinsal AND"]
[Date "2011.07.19"]
[Round "4.1"]
[White "Zoler, Dan"]
[Black "Georgiev, Kiril"]
[Result "0-1"]
[WhiteTitle "IM"]
[BlackTitle "GM"]
[WhiteElo "2527"]
[BlackElo "2654"]
[WhiteFideId "2800705"]
[BlackFideId "2900017"]
[EventDate "2011.07.16"]
[EventType "swiss"]

1. d4 Nf6 2. c4 e6 3. Nf3 Bb4+ 4. Nbd2 O-O 5. a3 Be7 6. e3 b6 7. Bd3 c5 8. O-O
Bb7 9. b3 cxd4 10. exd4 d5 11. Bb2 Nc6 12. Re1 Rc8 13. Rc1 a5 14. Nf1 Re8 15.
Ng3 Bf8 16. Qd2 Nb8 17. Ne5 Nbd7 18. Qf4 Nxe5 19. dxe5 Nd7 20. Nh5 g6 21. Re3
dxc4 22. bxc4 Qe7 23. Rh3 Red8 24. Nf6+ Nxf6 25. exf6 Qd6 26. Qh4 h6 27. Qg4 Rc5
28. Bf1 Qd2 29. Rb1 Qc2 30. Re1 Qxb2 31. Rxe6 Bc8 0-1

[Event "XXIX Andorra Open"]
[Site "Arinsal AND"]
[Date "2011.07.19"]
[Round "4.2"]
[White "Iturrizaga, Eduardo"]
[Black "Venkatesh, M.R."]
[Result "1/2-1/2"]
[WhiteTitle "GM"]
[BlackTitle "IM"]
[WhiteElo "2603"]
[BlackElo "2480"]
[WhiteFideId "3901211"]
[BlackFideId "5005779"]
[EventDate "2011.07.16"]
[EventType "swiss"]

1. Nf3 Nf6 2. c4 e6 3. Nc3 d5 4. d4 Bb4 5. Bg5 Nbd7 6. cxd5 exd5 7. Qb3 c5 8. a3
Qa5 9. Bd2 Ne4 10. Nxe4 dxe4 11. Bxb4 cxb4 12. Nd2 bxa3 13. e3 O-O 14. Rxa3 Qf5
15. Nc4 Nf6 16. Ra5 Qe6 17. Be2 b6 18. Ra1 Qd5 19. O-O Bg4 1/2-1/2

[Event "XXIX Andorra Open"]
[Site "Arinsal AND"]
[Date "2011.07.19"]
[Round "4.4"]
[White "Caspi, Israel"]
[Black "Almeida Quintana, Omar"]
[Result "0-1"]
[WhiteTitle "IM"]
[BlackTitle "GM"]
[WhiteElo "2443"]
[BlackElo "2548"]
[WhiteFideId "2807394"]
[BlackFideId "3503313"]
[EventDate "2011.07.16"]
[EventType "swiss"]

1. e4 g6 2. d4 Bg7 3. Nc3 c6 4. f4 d5 5. e5 Nh6 6. Nf3 f6 7. Be2 O-O 8. O-O Bg4
9. Be3 Nf5 10. Bf2 Na6 11. h3 Bxf3 12. Bxf3 Nc7 13. Ne2 Ne6 14. Qd3 Qd7 15. c4
Nc7 16. Nc3 e6 17. cxd5 exd5 18. g4 Ne7 19. Bg3 Rad8 20. Rad1 Kh8 21. Bg2 Rf7
22. Rf2 Rdf8 23. Rdf1 Kg8 24. a3 h5 25. Qd1 hxg4 26. hxg4 f5 27. g5 Ne6 28. Bf3
Rd8 29. Rh2 Qc7 30. Qd2 Rff8 31. Bf2 a6 32. Rc1 Qa5 33. Be3 Kf7 34. Rb1 Rd7 35.
b4 Qd8 36. Kg2 Nc8 37. Na4 Nb6 38. Nc5 Nc4 39. Qc3 Re7 40. Be2 b5 41. a4 Nxc5
42. bxc5 Rb7 43. Bd2 Qd7 44. Be1 Rfb8 45. Rh3 Ke6 46. Qa1 Ra7 47. Rhb3 Rh8 48.
Qc3 Bf8 49. Bg3 Be7 50. Ra1 Bd8 51. axb5 axb5 52. Bxc4 dxc4 53. Rba3 Be7 54. Kf2
Qd5 55. Ra6 Rb8 56. Qb2 Rba8 57. Rb6 Qf3+ 58. Kg1 Rxa1+ 0-1

[Event "XXIX Andorra Open"]
[Site "Arinsal AND"]
[Date "2011.07.19"]
[Round "4.5"]
[White "Kogan, Artur"]
[Black "Popilski, Gil"]
[Result "1-0"]
[WhiteTitle "GM"]
[BlackTitle "IM"]
[WhiteElo "2548"]
[BlackElo "2376"]
[WhiteFideId "2800802"]
[BlackFideId "2809060"]
[EventDate "2011.07.16"]
[EventType "swiss"]

1. e4 c5 2. Nf3 d6 3. Bc4 Nf6 4. d3 Nc6 5. c3 g6 6. O-O Bg7 7. Bb3 O-O 8. h3 b5
9. Re1 a5 10. a3 a4 11. Bc2 Nd7 12. d4 e5 13. Bg5 Qc7 14. dxe5 dxe5 15. Nbd2 h6
16. Bh4 Bf6 17. Bg3 Nb6 18. Nh2 Rd8 19. Qe2 h5 20. Nhf1 c4 21. Ne3 Be6 22. Nf3
Qe7 23. Nf1 Rd7 24. Qe3 Rb8 25. h4 Rdb7 26. Ng5 Bxg5 27. hxg5 Rd8 28. Rad1 Rxd1
29. Rxd1 Nd7 30. Qd2 Ndb8 31. Qe3 Rd7 32. Re1 Rd8 33. Nh2 Nd7 34. Rd1 Nf8 35.
Qb6 Rxd1+ 36. Bxd1 Qxg5 37. Qxc6 h4 38. Nf3 Qc1 39. Bxh4 Qxd1+ 40. Kh2 Nd7 41.
Qxb5 Qb3 42. Qa5 Qxb2 43. Ng5 Qb6 44. Qxa4 Nf6 45. f3 Kg7 46. Qb4 Qc7 47. Nxe6+
fxe6 48. Bxf6+ Kxf6 49. Qf8+ Kg5 50. Kg3 Qh7 51. Qd8+ 1-0

[Event "XXIX Andorra Open"]
[Site "Arinsal AND"]
[Date "2011.07.19"]
[Round "4.6"]
[White "Bykov, Alexey1"]
[Black "Narciso Dublan, Marc"]
[Result "0-1"]
[WhiteTitle "FM"]
[BlackTitle "GM"]
[WhiteElo "2278"]
[BlackElo "2544"]
[WhiteFideId "4165365"]
[BlackFideId "2201500"]
[EventDate "2011.07.16"]
[EventType "swiss"]

1. e4 c6 2. d4 d5 3. Nc3 dxe4 4. Nxe4 Nd7 5. Bc4 Ngf6 6. Ng5 e6 7. Qe2 Nb6 8.
Bb3 h6 9. N5f3 c5 10. Bf4 Nbd5 11. Be5 Qa5+ 12. Nd2 b5 13. dxc5 Bxc5 14. Nf3 O-O
15. O-O Be7 16. Nd4 Bd7 17. Ne4 Qb6 18. c3 Rfd8 19. Rfd1 Be8 20. Nxf6+ Nxf6 21.
a3 a5 22. Nf3 b4 23. Rxd8 Rxd8 24. cxb4 axb4 25. a4 Qa5 26. h3 Nd7 27. Bd4 Bc5
28. Bc2 b3 29. Bc3 Bb4 30. Bxb3 Bxc3 31. bxc3 Qxc3 32. Qd1 Qa5 33. Qe2 Nc5 34.
Bc2 Qc3 35. Ra2 Bc6 36. Qe3 Qc4 37. Rb2 Bxa4 38. Bxa4 Nxa4 39. Rb1 Nc3 40. Re1
Nd5 41. Qe4 Rc8 42. Qxc4 Rxc4 43. g3 Kf8 44. Kg2 Ke7 45. Re2 f6 46. Rd2 f5 47.
Nd4 Kf6 48. Ne2 g5 49. Kf3 h5 50. Kg2 h4 51. gxh4 Rxh4 52. Kg3 Ra4 53. Kf3 Ne7
54. Kg2 Ng6 55. Rc2 Nh4+ 56. Kh2 Nf3+ 57. Kg3 Ne1 58. Rc6 f4+ 59. Kh2 Nf3+ 60.
Kg2 Ne5 61. Rc3 f3+ 62. Rxf3+ Nxf3 63. Kxf3 Rh4 64. Kg3 Kf5 65. Ng1 Rc4 66. Ne2
e5 67. Kg2 e4 68. Ng3+ Kf4 69. Nh5+ Ke5 70. Ng3 Rc3 71. Nf1 Kf4 72. Ng3 Rc2 73.
Nf1 Re2 74. Ng3 Ra2 75. Nf1 Ke5 76. Ne3 Kd4 77. Ng4 Ra3 78. Kh2 Rf3 79. Kg2 Rf4
80. Kg3 Kd3 81. Kg2 Ke2 82. Kg1 Rf5 83. Kg2 Rf3 0-1

[Event "XXIX Andorra Open"]
[Site "Arinsal AND"]
[Date "2011.07.19"]
[Round "4.9"]
[White "Ibarra Jerez, Jose Carlos"]
[Black "Lillo Castay, Victor"]
[Result "1-0"]
[WhiteTitle "IM"]
[BlackTitle "FM"]
[WhiteElo "2530"]
[BlackElo "2281"]
[WhiteFideId "2226332"]
[BlackFideId "2278995"]
[EventDate "2011.07.16"]
[EventType "swiss"]

1. e4 c5 2. Nf3 d6 3. d4 Nf6 4. dxc5 Nxe4 5. cxd6 Nc6 6. Na3 Nxd6 7. Bf4 Bg4 8.
h3 Bh5 9. Qd5 Bxf3 10. Qxf3 e5 11. Be3 Be7 12. O-O-O Qc7 13. Nb5 Nxb5 14. Bxb5
O-O 15. Kb1 Rad8 16. c3 Rxd1+ 17. Rxd1 Rd8 18. Rxd8+ Nxd8 19. Qd5 b6 20. a4 h6
21. a5 Bc5 22. Bxc5 bxc5 23. a6 Qe7 24. Kc2 Qc7 25. Kb3 g6 26. Kc4 Ne6 27. b3
Qe7 28. g3 Qf6 29. Qa8+ Kg7 30. Bd7 Qxf2 31. Bxe6 Qe2+ 32. Kxc5 Qe3+ 33. Kd6
Qb6+ 34. Qc6 Qb8+ 35. Kd7 fxe6 36. Kxe6 Kg8 37. Qd5 Qc8+ 38. Kf6+ Kh8 39. Qxe5
Qg8 40. Ke7+ Kh7 41. Qe6 1-0

[Event "XXIX Andorra Open"]
[Site "Arinsal AND"]
[Date "2011.07.19"]
[Round "4.11"]
[White "Norwood, David R"]
[Black "Vehi Bach, Victor Manuel"]
[Result "0-1"]
[WhiteTitle "GM"]
[BlackTitle "IM"]
[WhiteElo "2491"]
[BlackElo "2403"]
[WhiteFideId "400106"]
[BlackFideId "2200228"]
[EventDate "2011.07.16"]
[EventType "swiss"]

1. c4 e6 2. g3 d5 3. Bg2 Nf6 4. Nf3 dxc4 5. Na3 Bxa3 6. bxa3 O-O 7. Qc2 Nc6 8.
Bb2 Re8 9. Qxc4 e5 10. O-O h6 11. Rfc1 Bg4 12. d3 Qd7 13. Rab1 Rab8 14. Ba1 Qd6
15. a4 Be6 16. Qc2 Nd5 17. a3 f6 18. d4 e4 19. Qxe4 Qxa3 20. Qc2 Ndb4 21. Qd1
Bf5 22. Rc3 Qa2 23. Rb2 Qf7 24. a5 Rbd8 25. e3 Be4 26. Rcb3 Bc2 27. Rxc2 Qxb3
28. Rc1 Qxd1+ 29. Rxd1 Nxa5 30. Nd2 Nac6 31. Rc1 a5 32. Nb3 Re7 33. Bc3 Na2 34.
Rc2 Ncb4 35. Bxb4 Nxb4 36. Rc4 b6 37. Nd2 c5 38. Nf3 Rc7 39. h4 b5 40. Rc1 c4 0-1

[Event "XXIX Andorra Open"]
[Site "Arinsal AND"]
[Date "2011.07.19"]
[Round "4.12"]
[White "Hamdouchi, Hicham"]
[Black "Albets Armengol, Roland"]
[Result "1-0"]
[WhiteTitle "GM"]
[WhiteElo "2628"]
[BlackElo "2169"]
[WhiteFideId "9000011"]
[BlackFideId "2278049"]
[EventDate "2011.07.16"]
[EventType "swiss"]

1. e4 g6 2. d4 Bg7 3. Nf3 d6 4. Bc4 e6 5. Bb3 Nd7 6. O-O Ne7 7. c3 b6 8. Re1 Bb7
9. Nbd2 O-O 10. Nf1 c5 11. Ng3 Nf6 12. Bf4 cxd4 13. cxd4 d5 14. e5 Ne4 15. Bc2
Nxg3 16. fxg3 Rc8 17. Bd3 Nc6 18. Qd2 Na5 19. Bg5 Qc7 20. Re2 Nc4 21. Qc1 Qb8
22. Qf4 Rc7 23. Rf1 Qc8 24. h4 Ba6 25. Bf6 Na5 26. Bxg7 Kxg7 27. Qf6+ Kg8 28. h5
h6 29. Bxa6 Qxa6 30. Ref2 Qd3 31. Ng5 Re8 32. Nxf7 Kh7 33. Qf4 g5 34. Qf6 1-0

[Event "XXIX Andorra Open"]
[Site "Arinsal AND"]
[Date "2011.07.19"]
[Round "4.13"]
[White "Archangelsky, Mikhail"]
[Black "Marin, Mihail"]
[Result "0-1"]
[WhiteTitle "IM"]
[BlackTitle "GM"]
[WhiteElo "2210"]
[BlackElo "2548"]
[WhiteFideId "4117573"]
[BlackFideId "1200020"]
[EventDate "2011.07.16"]
[EventType "swiss"]

1. Nf3 Nf6 2. c4 e6 3. g3 b6 4. Bg2 Bb7 5. O-O c5 6. Nc3 a6 7. d4 cxd4 8. Qxd4
d6 9. Be3 Nbd7 10. Rfd1 Be7 11. Qd2 O-O 12. Bf4 Ne8 13. Rac1 Rc8 14. b3 h6 15.
h4 Ndf6 16. Ne1 Qc7 17. Qd3 Bxg2 18. Nxg2 Ng4 19. Ne3 Ne5 20. Bxe5 dxe5 21. Qd7
Nf6 22. Qxc7 Rxc7 23. a4 Rfc8 24. Nc2 Nd7 25. Kf1 f5 26. Rb1 e4 27. f4 exf3 28.
exf3 Kf7 29. Nd4 Bf6 30. Ndb5 axb5 31. Nxb5 Ke7 32. Nxc7 Rxc7 33. Ke2 Ne5 34.
Rd2 Nc6 35. Ke3 Bc3 36. Rd3 Bb4 37. Rbd1 Bc5+ 38. Ke2 e5 39. f4 Nb4 40. R3d2 e4
41. Rd8 Na2 42. Kf1 Nc3 43. R1d2 e3 44. R2d3 e2+ 45. Ke1 Bb4 46. Rg8 Kf7 47.
Rdd8 Re7 48. Rdf8+ Kg6 49. h5+ Kxh5 50. Rxf5+ Kg4 51. Re5 Rxe5 52. fxe5 Kf3 0-1

[Event "XXIX Andorra Open"]
[Site "Arinsal AND"]
[Date "2011.07.19"]
[Round "4.15"]
[White "Das, Arghyadip"]
[Black "Bas Mas, Jose Joaquin"]
[Result "1-0"]
[WhiteTitle "IM"]
[WhiteElo "2471"]
[BlackElo "2194"]
[WhiteFideId "5003610"]
[BlackFideId "22219064"]
[EventDate "2011.07.16"]
[EventType "swiss"]

1. e4 e6 2. d4 d5 3. Nd2 c5 4. Ngf3 Nc6 5. exd5 exd5 6. Bb5 Bd6 7. O-O cxd4 8.
Nb3 Ne7 9. Nbxd4 O-O 10. c3 Bg4 11. Be2 Qc7 12. Nb5 Qd7 13. Nxd6 Qxd6 14. Qa4
Bf5 15. Qf4 Qxf4 16. Bxf4 Rfe8 17. Rfd1 Rad8 18. Rd2 h6 19. Rad1 Be4 20. h4 a6
21. h5 Kh7 22. Ne5 Nxe5 23. Bxe5 Nc6 24. Bc7 Rd7 25. Bb6 Rde7 26. Bf1 Ne5 27. b3
g5 28. hxg6+ fxg6 29. Bd4 Nc6 30. Bc5 Re5 31. f3 Bf5 32. Rxd5 Rxd5 33. Rxd5 Re1
34. Rd2 Rc1 35. c4 Ne5 36. Kf2 a5 37. Bd4 Nc6 38. Bb2 Rb1 39. g4 Be6 40. Bd3 Rh1
41. Kg2 Re1 42. Kf2 Rh1 43. a3 Ne7 44. Bf1 Ng8 45. Kg2 Rh4 46. Rd6 Bc8 47. Bd3 1-0

[Event "XXIX Andorra Open"]
[Site "Arinsal AND"]
[Date "2011.07.19"]
[Round "4.16"]
[White "Wegerle, Joerg"]
[Black "Basora Pascual, Lluc"]
[Result "1-0"]
[WhiteTitle "IM"]
[WhiteElo "2446"]
[BlackElo "2178"]
[WhiteFideId "4644743"]
[BlackFideId "2210908"]
[EventDate "2011.07.16"]
[EventType "swiss"]

1. c4 e5 2. g3 Nf6 3. Bg2 Nc6 4. Nc3 d6 5. d3 Be7 6. e4 h5 7. h3 Nd4 8. Nge2 h4
9. g4 Nxg4 10. Nxd4 exd4 11. Ne2 Nh6 12. Nxd4 Bf6 13. Ne2 g5 14. f3 c6 15. d4 b5
16. cxb5 Qa5+ 17. Qd2 Qxb5 18. b3 Ba6 19. Bb2 Qxe2+ 20. Qxe2 Bxe2 21. Kxe2 d5
22. Rhc1 Kd7 23. exd5 cxd5 24. Rc5 Rac8 25. Rac1 Rxc5 26. Rxc5 Rc8 27. Rxc8 Kxc8
28. f4 gxf4 29. Bxd5 Nf5 30. Kd3 Nd6 31. Ba3 Kc7 32. Bc5 a6 33. Bc4 a5 34. Bd5
Be7 35. Bxf7 f3 36. Bd5 f2 37. Ke2 Bf6 38. Bg2 Nb5 39. Ke3 Nc3 40. a4 Na2 41.
Kd3 Nc1+ 42. Kc4 Ne2 43. d5 Nf4 44. Bf1 Bd8 45. Be3 Bg5 46. Bxf2 Kd6 47. Bc5+
Ke5 48. d6 Bd8 49. Kb5 Ne6 50. b4 axb4 51. Bxb4 Nd4+ 52. Kc5 Nc2 53. Bc3+ 1-0

[Event "XXIX Andorra Open"]
[Site "Arinsal AND"]
[Date "2011.07.20"]
[Round "4.17"]
[White "Happel, Henk"]
[Black "Moussard, Jules"]
[Result "0-1"]
[WhiteTitle "FM"]
[BlackTitle "IM"]
[WhiteElo "2169"]
[BlackElo "2426"]
[WhiteFideId "1001078"]
[BlackFideId "642908"]
[EventDate "2011.07.16"]
[EventType "swiss"]

1. d4 d6 2. Nf3 g6 3. c4 Bg7 4. Nc3 Bg4 5. e3 Nc6 6. Be2 e5 7. d5 Nce7 8. e4 h6
9. O-O Nf6 10. Ne1 Bc8 11. Nd3 O-O 12. c5 Ne8 13. Be3 f5 14. f3 f4 15. Bf2 Rf7
16. a4 g5 17. cxd6 cxd6 18. Nb5 h5 19. Nxa7 Bd7 20. Nb5 Ng6 21. Nc3 Nf6 22. Qb3
g4 23. Qb6 Qf8 24. Nb5 Ra6 25. Qxb7 Bc8 26. Qb8 Rb7 27. Qxb7 Bxb7 28. Nc7 h4 29.
Nxa6 Bxa6 30. Nxf4 exf4 31. Bxa6 g3 32. Bd4 gxh2+ 33. Kh1 Nxe4 34. fxe4 Bxd4 35.
Rac1 Qg7 36. Bc8 Qe5 37. Be6+ Kg7 38. Bf5 Ne7 39. Rc7 Kf6 40. b4 Nxf5 41. exf5
Qe2 42. Rf3 h3 0-1

[Event "XXIX Andorra Open"]
[Site "Arinsal AND"]
[Date "2011.07.19"]
[Round "4.18"]
[White "Navarro Lopez-Menchero, Daniel"]
[Black "Jerez Perez, Alfonso"]
[Result "0-1"]
[BlackTitle "IM"]
[WhiteElo "2165"]
[BlackElo "2416"]
[WhiteFideId "2297370"]
[BlackFideId "2204100"]
[EventDate "2011.07.16"]
[EventType "swiss"]

1. e4 c6 2. Nc3 d5 3. Qf3 dxe4 4. Nxe4 Nf6 5. Nxf6+ exf6 6. Bc4 Nd7 7. Ne2 Ne5
8. Qe3 Be7 9. Bb3 O-O 10. d4 Ng6 11. O-O Bd6 12. Qf3 f5 13. c3 Qh4 14. g3 Qe4
15. Qxe4 fxe4 16. c4 Re8 17. Nc3 Bg4 18. Re1 Bf3 19. Be3 Bb4 20. c5 Ne7 21. a3
Ba5 22. Bc4 Nf5 23. b4 Bd8 24. Be2 Bf6 25. Bxf3 exf3 26. Rad1 Bxd4 27. Bxd4 Nxd4
28. Rxe8+ Rxe8 29. Kf1 Nc2 30. Ne4 h6 31. Nd6 Re7 32. Nc8 Rc7 33. Nxa7 Nxa3 34.
Rc1 Rd7 35. Ke1 Rd3 36. Nc8 Rb3 37. Nb6 Rxb4 38. Rc3 Rb1+ 39. Kd2 Nb5 40. Rxf3
Nd4 41. Rd3 Ne6 42. Nd7 f6 43. h4 Rb5 44. Nb6 Nxc5 45. Rd8+ Kf7 46. Nc4 Ke7 47.
Rg8 Ne6 48. f4 Rd5+ 49. Kc3 Rd8 50. Rxd8 Nxd8 51. Kb4 Ne6 52. Ne3 Kd6 53. Nf5+
Kd5 54. Ne7+ Ke4 0-1

[Event "XXIX Andorra Open"]
[Site "Arinsal AND"]
[Date "2011.07.19"]
[Round "4.19"]
[White "Mascaro March, Pedro"]
[Black "Muratet Casadevall, Albert"]
[Result "1-0"]
[WhiteTitle "IM"]
[WhiteElo "2413"]
[BlackElo "2170"]
[WhiteFideId "2217570"]
[BlackFideId "2215250"]
[EventDate "2011.07.16"]
[EventType "swiss"]

1. d4 Nf6 2. c4 g6 3. Nc3 Bg7 4. e4 d6 5. h3 O-O 6. Bg5 c5 7. d5 a6 8. a4 e6 9.
Bd3 b6 10. Nf3 Qe8 11. O-O Kh8 12. dxe6 Bxe6 13. Nd5 Bxd5 14. exd5 Nbd7 15. Re1
Qc8 16. a5 Rb8 17. b3 Re8 18. axb6 Rxb6 19. Rb1 Kg8 20. Bc2 Rb8 21. Qd2 Qc7 22.
g4 Rxe1+ 23. Rxe1 Re8 24. Kg2 Rxe1 25. Qxe1 Qd8 26. Bf4 Ne8 27. Bg3 Kf8 28. Bd3
Qe7 29. Qa5 Ne5 30. Be2 h5 31. gxh5 gxh5 32. Qxa6 Ng6 33. Bd3 h4 34. Bh2 Qf6 35.
Qc8 Nf4+ 36. Bxf4 Qxf4 37. Qg4 Qc1 38. Ng5 Nf6 39. Qc8+ Ke7 40. Nf3 Nh5 41. Qc7+
Ke8 42. Bf5 Be5 43. Nxe5 Qg5+ 44. Ng4 Qxf5 45. Qxd6 f6 46. Qb8+ Kd7 47. Qb5+ Kd8
48. Qb6+ Kd7 49. Qc6+ Kd8 50. d6 Qd7 51. Qxc5 Qb7+ 52. Kh2 Nf4 53. Qc7+ Qxc7 54.
dxc7+ Kxc7 55. Nxf6 Kc6 56. Nd5 Nd3 57. f4 1-0

[Event "XXIX Andorra Open"]
[Site "Arinsal AND"]
[Date "2011.07.19"]
[Round "4.20"]
[White "Helmers, Wim"]
[Black "Panelo, Marcelo"]
[Result "0-1"]
[BlackTitle "IM"]
[WhiteElo "2118"]
[BlackElo "2413"]
[WhiteFideId "1006592"]
[BlackFideId "104213"]
[EventDate "2011.07.16"]
[EventType "swiss"]

1. d4 Nf6 2. c4 g6 3. Nc3 Bg7 4. e4 O-O 5. f4 d6 6. Nf3 Na6 7. Bd3 Bg4 8. h3
Bxf3 9. Qxf3 Nd7 10. Be3 e5 11. fxe5 c5 12. O-O cxd4 13. Bxd4 Nxe5 14. Bxe5 Bxe5
15. Ne2 Nc5 16. Rab1 a5 17. Kh1 Qg5 18. Rfd1 Rae8 19. Bc2 Re6 20. Ng1 h5 21. Qe2
Rf6 22. Nf3 Qg3 23. Nxe5 Rf2 0-1

[Event "XXIX Andorra Open"]
[Site "Arinsal AND"]
[Date "2011.07.20"]
[Round "5.1"]
[White "Georgiev, Kiril"]
[Black "Kogan, Artur"]
[Result "1-0"]
[WhiteTitle "GM"]
[BlackTitle "GM"]
[WhiteElo "2654"]
[BlackElo "2548"]
[WhiteFideId "2900017"]
[BlackFideId "2800802"]
[EventDate "2011.07.16"]
[EventType "swiss"]

1. d4 d5 2. Nf3 Nf6 3. c4 c6 4. e3 Bf5 5. Nc3 e6 6. Nh4 Bg6 7. Be2 Nbd7 8. O-O
Ne4 9. g3 Nd6 10. b3 Be7 11. Nxg6 hxg6 12. Qc2 Rc8 13. c5 Nf5 14. b4 e5 15. dxe5
Nxe5 16. Rd1 Qd7 17. f4 Qe6 18. fxe5 Rxh2 19. Kxh2 Qxe5 20. Rg1 Nxg3 21. Kg2 Kd7
22. Bg4+ f5 23. Qf2 Qxc3 24. Bb2 Qxb4 25. Bxg7 Qxg4 26. Qxg3 Qe2+ 27. Qf2 Qg4+
28. Kf1 Qh3+ 29. Ke2 Bxc5 30. Qg3 Qh5+ 31. Kd3 Re8 32. Rae1 Re4 33. Qxg6 Qxg6
34. Rxg6 f4 35. Bh6 Bxe3 36. Rg7+ Kd6 37. Rxb7 Rd4+ 38. Kc3 Rc4+ 39. Kb3 Re4 40.
Rf1 c5 41. Rf7 c4+ 42. Kc2 Ke5 43. Rc7 Kd6 44. Rc8 Rd4 45. Rd1 Rxd1 46. Kxd1 Ke5
47. Re8+ Kf5 48. Ke2 d4 49. Kf3 c3 50. Rc8 Ke5 51. a4 Bd2 52. Rc5+ Kd6 53. Bf8+
Ke6 54. Bg7 Be3 55. Ke4 f3 56. Kxf3 Kd6 57. Bf8+ 1-0

[Event "XXIX Andorra Open"]
[Site "Arinsal AND"]
[Date "2011.07.20"]
[Round "5.2"]
[White "Almeida Quintana, Omar"]
[Black "Narciso Dublan, Marc"]
[Result "1/2-1/2"]
[WhiteTitle "GM"]
[BlackTitle "GM"]
[WhiteElo "2548"]
[BlackElo "2544"]
[WhiteFideId "3503313"]
[BlackFideId "2201500"]
[EventDate "2011.07.16"]
[EventType "swiss"]

1. d4 f5 2. c4 Nf6 3. Nc3 d6 4. Nf3 g6 5. g3 Bg7 6. Bg2 O-O 7. O-O c6 8. d5 Bd7
9. Rb1 Na6 10. Nd4 Qe8 11. e4 fxe4 12. Nxe4 Nxe4 13. Bxe4 Nc7 14. Be3 c5 15. Nc2
a5 16. Qd2 b5 17. b3 Qf7 18. Bh6 Bxh6 19. Qxh6 a4 20. Qe3 b4 21. Rfe1 Ne8 22. f4
Ng7 23. Qd3 Qf6 24. Re2 axb3 25. axb3 Ra2 26. Ne3 Rfa8 27. Rbe1 Rxe2 28. Rxe2
Ra3 29. Nc2 Ra2 30. Ne3 Ra3 31. Nc2 Ra7 32. Ne3 Bf5 33. Bxf5 Nxf5 34. Nxf5 Qxf5
35. Qxf5 gxf5 36. Kf2 Kf7 37. h3 Ra3 38. Re3 Ra2+ 39. Re2 Ra3 40. Re3 h5 41. g4
fxg4 42. hxg4 hxg4 43. Kg3 Ra1 44. Kxg4 Rc1 45. Kf5 Rc3 46. Ke4 Kf6 47. Rxc3
bxc3 48. Kd3 Kf5 49. Kxc3 Kxf4 50. b4 cxb4+ 51. Kxb4 Ke4 52. Kc3 Ke3 53. c5 1/2-1/2

[Event "XXIX Andorra Open"]
[Site "Arinsal AND"]
[Date "2011.07.20"]
[Round "5.3"]
[White "Gonzalez Vidal, Yuri"]
[Black "Iturrizaga, Eduardo"]
[Result "1/2-1/2"]
[WhiteTitle "GM"]
[BlackTitle "GM"]
[WhiteElo "2503"]
[BlackElo "2603"]
[WhiteFideId "3503321"]
[BlackFideId "3901211"]
[EventDate "2011.07.16"]
[EventType "swiss"]

1. e4 c6 2. d4 d5 3. e5 Bf5 4. Nd2 e6 5. Nb3 Nd7 6. Nf3 Ne7 7. Be2 Bg4 8. O-O
Nf5 9. h3 Bxf3 10. Bxf3 g6 11. Bg4 h5 12. Bxf5 gxf5 13. Nd2 Be7 14. Nf3 h4 15.
b3 Nf8 16. c4 Ng6 1/2-1/2